Southville International School and Colleges
Your cart is empty.
  • Cart
  • Lists
    Public lists Eva Luna New books Lux_list list_1
    Your lists Log in to create your own lists
  • Log in to your account
  • Your cookies
  • Search history
Southville International School and Colleges
  • Advanced search
  • Recent comments
  • Most popular
  • Libraries

Log in to your account

Log in with GOOGLE


If you do not have an external account, but do have a local account, you can still log in:

  1. Home
  2. MARC view: Hello goodbye hello :
Normal view MARC view ISBD view

Hello goodbye hello : (Record no. 339849)

[ view plain ]
MARC details
000 -LEADER
fixed length control field 00722nam a2200289Ia 4500
008 - FIXED-LENGTH DATA ELEMENTS--GENERAL INFORMATION
fixed length control field 170711s9999 xx 000 0 und d
020 ## - INTERNATIONAL STANDARD BOOK NUMBER
International Standard Book Number 9781451683608
050 ## - LIBRARY OF CONGRESS CALL NUMBER
Classification number 82
050 ## - LIBRARY OF CONGRESS CALL NUMBER
Item number B877 2012
100 ## - MAIN ENTRY--PERSONAL NAME
Personal name Brown, Craig
245 ## - TITLE STATEMENT
Title Hello goodbye hello :
245 ## - TITLE STATEMENT
Remainder of title a circle of 101 remarkable meetings /
245 ## - TITLE STATEMENT
Statement of responsibility, etc by Craig Brown.
260 ## - PUBLICATION, DISTRIBUTION, ETC. (IMPRINT)
Place of publication, distribution, etc New York :
260 ## - PUBLICATION, DISTRIBUTION, ETC. (IMPRINT)
Name of publisher, distributor, etc Simon & schuster,
260 ## - PUBLICATION, DISTRIBUTION, ETC. (IMPRINT)
Date of publication, distribution, etc 2012
300 ## - PHYSICAL DESCRIPTION
Extent xxi, 356 pages :
300 ## - PHYSICAL DESCRIPTION
Other physical details illustrations ;
300 ## - PHYSICAL DESCRIPTION
Dimensions 24cm.
500 ## - GENERAL NOTE
General note Includes bibliographic reference.
650 ## - SUBJECT ADDED ENTRY--TOPICAL TERM
Topical term or geographic name as entry element Celebrities --
650 ## - SUBJECT ADDED ENTRY--TOPICAL TERM
Topical term or geographic name as entry element Celebrities --
650 ## - SUBJECT ADDED ENTRY--TOPICAL TERM
Topical term or geographic name as entry element Celebrities.
650 ## - SUBJECT ADDED ENTRY--TOPICAL TERM
General subdivision Humor.
650 ## - SUBJECT ADDED ENTRY--TOPICAL TERM
General subdivision Quotations.
700 ## - ADDED ENTRY--PERSONAL NAME
Personal name Title.

No items available.

Hello goodbye hello :

APA

Brown C., Title, .Hello goodbye hello. New York: .

Chicago

Brown Craig, Title, .Hello goodbye hello. New York: .

Harvard

Brown C., Title, .Hello goodbye hello. New York: .

MLA

Brown Craig, Title, .New York: . .

  • Print
  • Cite
  • Add to your cart (remove)
  • Save record
    BIBTEX Dublin Core MARCXML MARC (non-Unicode/MARC-8) MARC (Unicode/UTF-8) MARC (Unicode/UTF-8, Standard) MODS (XML) RIS
  • More searches
    Search for this title in:
    Other Libraries (WorldCat) Other Databases (Google Scholar) Online Stores (Bookfinder.com) Open Library (openlibrary.org)

Exporting to Dublin Core...

SOUTHVILLE LIBRARY

Southville International School and Colleges Library

1281 Tropical Ave. Cor. Luxembourg St., BF Homes International, Las Pinas City

Tel. No. 8256374 / 252358 Loc. 117/146

Powered by Koha